Une lettre suffit pour répondre juste #106 (attention 10 lettres tuent) - Statistiques

Statistiques générales
  • Ce quiz a été pris 77 fois
  • Le résultat moyen est 3 sur 6
Statistiques - réponses
Hint Réponse % Correct
Donne une des 5 lettres présente dans le nom du mouvement effectué dans le but d'apporter une énergie, à l'aide d'un club, à la balle pour qu'elle parcoure la distance souhaitée au golf.C'est aussi le nom d'un genre musical et une danse qui tire ses racines du jazz
SWING
100%
Donne une des 4 lettres qui complète le nom du groupe dont voici un extrait du clip (et paroles) de leur chanson Lullaby : The _ _ _ _
CURE
64%
Donne une des 3 lettres du mot de 3 lettres signifiant "aujourd'hui" en espagnol HOY
47%
Donne une des 2 lettres qui complète le nom de l'élément chimique de numéro atomique 23 : _ana_ium
VD (VanaDium)
26%
Donne la lettre qui complète le nom de la capitale fédérale des États fédérés de Micronésie : Pali_ir K (paliKir)
12%
Donne la lettre la plus présente dans le titre du film dont voici l'extrait :
P (mary PoPPins)
9%
Aucun quiz correspondant
Distribution des résultats
% des personnes avec chaque résultat
Percentile par nombre de réponses
Votre historique - résultats
Vous n’avez pas pris ce quiz